Úředně mrtev /

Hlavní autor: Reynolds, Quentin James, 1902-1965
Další autoři: Růžička, Ivan
Jazyk: Čeština
Vydáno: V Praze : Rudolf Kmoch, [1948]
Vydání: Vyd. 1
Externí odkaz: Digitalizovaný dokument
Fyzický popis: 260 s. ; 8°
Knihy
Uloženo v:
LEADER 01049nam a22002892a 4500
001 001865636
003 CZ BrMZK
005 20230915090454.0
007 ta
008 230719s1948 xr er|||||||||||cze d
015 |a cnb000673250 
035 |a (OCoLC)85429453 
040 |a ABA001  |b cze  |c PNA001  |d ABA001  |d BOA001 
041 1 |a cze  |h eng 
100 1 |a Reynolds, Quentin James,  |d 1902-1965  |7 xx0057183  |4 aut 
245 1 0 |a Úředně mrtev /  |c Quentin Reynolds ; [z amerického originálu ... přeložil Ivan Růžička] 
250 |a Vyd. 1 
260 |a V Praze :  |b Rudolf Kmoch,  |c [1948]  |f (Verner a spol.) 
300 |a 260 s. ;  |c 8° 
500 |a Obálka Eduarda Hofmana 
700 1 |a Růžička, Ivan  |7 jk01103146  |4 trl 
765 0 |t Officially Dead  |9 Česky 
856 4 1 |u http://www.digitalniknihovna.cz/mzk/uuid/uuid:8a4aa180-05af-11e4-89c6-005056827e51  |y Digitalizovaný dokument  |x NDK 
910 |a BOA001  |b 1-0214.484 
990 |a BK 
991 |b 202309 
996 6 |b BC-2419345  |c 1-0214.484  |l MZK  |r Sklad / do 1 hodiny  |n 0  |w 001932926  |u 000010  |a 1  |e BOA001  |j MZK50  |s P